| 000 | 00587nai a2200181Ia 4500 | ||
|---|---|---|---|
| 003 | IN-BaIIA | ||
| 008 | 211028c9999 xx s 000 0 eng d | ||
| 022 | _a0013-936X (Print) | ||
| 022 | _a1520-5851 (Online) | ||
| 040 | _cIIA Library | ||
| 245 | 0 |
_aEnvironmental Science & Technology _h[eJournal] |
|
| 260 |
_aWashington DC _bACS Publications |
||
| 310 | _aSemi-monthly | ||
| 362 | _a30(1); 1996 - Present | ||
| 521 | _bSubscribed through National Knowledge Resource Consortium (NKRC) | ||
| 856 |
_uhttps://pubs.acs.org/journal/esthag _yClick Here to Access eJournal |
||
| 942 | _cEJ | ||
| 999 |
_c34330 _d34330 |
||